000 00468 a2200157 4500
003 OSt
005 20240111112956.0
008 240111b |||||||| |||| 00| 0 eng d
040 _coclc
082 _a297
_bAKH/V
100 _aAkhl, Nasir Abdulkareem
_910260
245 _aVahabism; midhyayum yadharthyavum /
_cDr. Nasir Abdulkareem Akhl
260 _aKerala:
_bDa'wa books,
_c2008
300 _a148p
942 _2ddc
_cBK
_h297
_iAKH/V
_k297
_mAKH/V
999 _c43146
_d43146